000 01635cam a22004097a 4500
001 7909372
003 OSt
005 20140310182024.0
006 m d
007 cr n
008 100302s2010 enkd ob 001 0 eng d
020 _a9780853698616
020 _a0853698619
035 _a(WaSeSS)ssj0000337377
040 _aBTCTA
_cBTCTA
_dYDXCP
_dTVJ
_dPCP
_dDLC
_dWaSeSS
042 _alccopycat
050 0 0 _aRM 671
_b.M159 2010
100 1 _aMackowiak, Elaine D.
_97381
245 1 0 _aEssentials of nonprescription medications and devices
_cElaine D. Mackowiak.
260 _aLondon:
_bPharmaceutical Pr.,
_c2010.
300 _avii, [4], 228 p. :
_bcharts;
_c24 cm.
504 _aIncludes bibliographical references and index.
506 _aLicensed for access by U. of T. users.
521 _aCollege Student
526 _c1210L-1700L
541 _j1
562 _eFor circulation. 1 copy available in the collection.
650 0 _aDrugs, Nonprescription.
_97382
650 0 _aDrugs
_xAdministration.
_97383
650 0 _aSelf medication.
_97384
650 2 _aNonprescription Drugs.
_97385
650 2 _aSelf Medication
_xtrends.
_97386
856 4 0 _yCoutts MyiLibrary Individual E-Books - Single User
_uhttp://myaccess.library.utoronto.ca/login?url=http://www.myilibrary.com?ID=239864
856 4 0 _yScholars Portal Books: Pharmaceutical Press
_uhttp://myaccess.library.utoronto.ca/login?url=http://books.scholarsportal.info/viewdoc.html?id=/ebooks/ebooks2/pharmpress/2011-02-24/1/9780853698616
942 _2lcc
_cBK
949 _aRM671.A1 [ID ssj0000337377]
_c1
_lONLINE
_mE_RESOURCE
_tE_RESOURCE
999 _c8442
_d8442